00458nam a22001577a 450000500170000000800410001702000150005804100120007308200140008510000240009924500500012325000190017326000540019230000300024665000240027620231030093054.0231030b |||||||| |||| 00| 0 eng d a0409011037 aEnglish a347.7 AML aHarms, LTClEnglish aAmler's Precedents of Pleadings / cLTC Harms aFourth Edition aDurban :bButterworth Publishers (Pty) Ltd,c1993 bx, 417 pages ; c25,4 cm. alegal practicebLaw